[Event "DEN-ch Seniors 65+"]
[Site "Odder"]
[Date "2019.02.16"]
[Round "6"]
[White "Jensen, Vagn"]
[Black "Petersen, Peter Birk"]
[Result "1/2-1/2"]
[WhiteElo "2141"]
[BlackElo "2106"]
[PlyCount "26"]
[EventDate "2019.02.11"]
[EventType "swiss"]
[EventRounds "7"]
[EventCountry "DEN"]
[SourceTitle "CBM 189 Extra"]
[Source "ChessBase"]
[SourceDate "2019.06.03"]
[SourceVersion "1"]
[SourceVersionDate "2019.06.03"]
[SourceQuality "1"]

1. e4 c5 2. Nf3 e6 3. d4 cxd4 4. Nxd4 Nc6 5. Nc3 Qc7 6. Be3 a6 7. Bd3 Nf6 8. 0-0 Ne5 9. h3 Bc5 10. Be2 d6 11. f4 Nc6 12. Kh1 0-0 13. Bg1 e5 1/2-1/2

[Event "DEN-ch Seniors 65+"]
[Site "Odder"]
[Date "2019.02.13"]
[Round "3"]
[White "Christiansen, Arne"]
[Black "Jensen, Vagn"]
[Result "1/2-1/2"]
[WhiteElo "2039"]
[BlackElo "2141"]
[PlyCount "23"]
[EventDate "2019.02.11"]
[EventType "swiss"]
[EventRounds "7"]
[EventCountry "DEN"]
[SourceTitle "CBM 189 Extra"]
[Source "ChessBase"]
[SourceDate "2019.06.03"]
[SourceVersion "1"]
[SourceVersionDate "2019.06.03"]
[SourceQuality "1"]

1. d4 f5 2. Nf3 Nf6 3. g3 g6 4. c4 Bg7 5. Nc3 d6 6. Bg2 c6 7. 0-0 0-0 8. b4 e5 9. dxe5 Ng4 10. Bg5 Qd7 11. Rc1 Nxe5 12. Qb3 1/2-1/2

[Event "Aalborg Larsen Memorial"]
[Site "Aalborg"]
[Date "2018.10.16"]
[Round "4"]
[White "Jensen, Vagn"]
[Black "Nielsen, Poul Erik1111"]
[Result "1/2-1/2"]
[WhiteElo "2172"]
[BlackElo "1987"]
[PlyCount "106"]
[EventDate "2018.10.13"]
[EventType "swiss"]
[EventRounds "7"]
[EventCountry "DEN"]
[SourceTitle "CBM 186 Extra"]
[Source "ChessBase"]
[SourceDate "2018.08.24"]
[SourceVersion "1"]
[SourceVersionDate "2018.08.24"]
[SourceQuality "1"]

1. e4 d6 2. d4 g6 3. Nc3 Bg7 4. Nf3 c6 5. Be3 Qc7 6. h3 Nd7 7. Qd2 Ngf6 8. Bd3 e5 9. 0-0 0-0 10. Rad1 Re8 11. Rfe1 a6 12. Bf1 b5 13. b4 exd4 14. Bxd4 Bb7 15. Be3 Rad8 16. Bg5 Ne5 17. Qf4 Nh5 18. Bxd8 Rxd8 19. Qe3 Nxf3+ 20. Qxf3 Be5 21. g3 Rf8 22. Qe3 Qe7 23. f4 Bg7 24. g4 Nxf4 25. e5 Qxe5 26. Qxe5 Bxe5 27. Ne4 Nd5 28. c4 bxc4 29. Bxc4 f5 30. Nc5 Bc8 31. Nxa6 Kg7 32. Bxd5 cxd5 33. Nc7 fxg4 34. hxg4 Rf4 35. Nxd5 Rxg4+ 36. Kf1 Ba6+ 37. Kf2 h5 38. Rg1 Bd4+ 39. Rxd4 Rxd4 40. Nc7 Bc8 41. b5 Rd2+ 42. Ke3 Rxa2 43. Ne8+ Kh6 44. Nxd6 Be6 45. Kd4 Rb2 46. Kc3 Rb3+ 47. Kd4 h4 48. Ke5 Bd7 49. Kf6 Rf3+ 50. Ke7 Bxb5 51. Nxb5 Rg3 52. Rh1 g5 53. Nd4 Kh5 1/2-1/2

[Event "Aarhus Chess House Summer op"]
[Site "Aarhus"]
[Date "2017.06.27"]
[Round "3"]
[White "Jensen, Vagn"]
[Black "Wegger, Alfred Hedelykke"]
[Result "1-0"]
[WhiteElo "2163"]
[BlackElo "1624"]
[PlyCount "45"]
[EventDate "2017.06.25"]
[EventType "swiss"]
[EventRounds "7"]
[EventCountry "DEN"]
[SourceTitle "EXT 2018"]
[Source "ChessBase"]
[SourceDate "2017.10.13"]
[SourceVersion "1"]
[SourceVersionDate "2017.10.13"]
[SourceQuality "1"]

1. e4 c5 2. Nf3 e6 3. d4 cxd4 4. Nxd4 Nf6 5. Nc3 Bb4 6. e5 Nd5 7. Bd2 Nxc3 8. bxc3 Bc5 9. Qg4 Rg8 10. Bd3 g6 11. 0-0 Nc6 12. Nf3 Qc7 13. Bf4 b6 14. Rfe1 Bb7 15. Ng5 Rg7 16. Ne4 Be7 17. Nf6+ Kd8 18. Rad1 Nxe5 19. Bxe5 d6 20. Nd5 Bxd5 21. Bxg7 f5 22. Qd4 Qb7 23. Bf1 1-0

[Event "DEN-chT 1617 55th"]
[Site "Denmark"]
[Date "2016.10.29"]
[Round "1.4"]
[White "Jensen, Vagn"]
[Black "Christensen, Thomas"]
[Result "1/2-1/2"]
[WhiteElo "2183"]
[BlackElo "2225"]
[PlyCount "63"]
[EventDate "2016.10.29"]
[EventType "team-tourn"]
[EventRounds "9"]
[EventCountry "DEN"]
[SourceTitle "EXT 2018"]
[Source "ChessBase"]
[SourceDate "2017.10.13"]
[SourceVersion "1"]
[SourceVersionDate "2017.10.13"]
[SourceQuality "1"]
[WhiteTeam "Aarhus/Skolerne"]
[BlackTeam "Copenhagen 68"]
[WhiteTeamCountry "DEN"]
[BlackTeamCountry "DEN"]

1. e4 c5 2. Nf3 d6 3. b3 e6 4. Bb5+ Bd7 5. Bxd7+ Nxd7 6. 0-0 Ngf6 7. Re1 Be7 8. Bb2 0-0 9. d4 d5 10. Nbd2 dxe4 11. Nxe4 Nxe4 12. Rxe4 Bf6 13. Qe2 Qa5 14. c4 Rfd8 15. dxc5 Bxb2 16. Qxb2 Nxc5 17. Rg4 g6 18. Qe5 Qb6 19. Qh5 Nd3 20. Qh4 Kg7 21. Ng5 h6 22. Ne4 Qd4 23. Rd1 Qb2 24. h3 Rd7 25. Rd2 Qa1+ 26. Kh2 f5 27. Rxd3 Rad8 28. Rxg6+ Kxg6 29. Rg3+ Kf7 30. Qh5+ Ke7 31. Qh4+ Kf7 32. Qh5+ 1/2-1/2

[Event "DEN-chT 0203"]
[Site "Denmark"]
[Date "2003.03.16"]
[Round "7.8"]
[White "Jensen, Vagn"]
[Black "Varberg, Kenneth"]
[Result "1/2-1/2"]
[WhiteElo "2158"]
[BlackElo "2265"]
[PlyCount "120"]
[EventDate "2002.11.06"]
[EventType "team"]
[EventRounds "7"]
[EventCountry "DEN"]
[SourceTitle "EXT 2006"]
[Source "ChessBase"]
[SourceDate "2005.11.24"]
[SourceVersion "1"]
[SourceVersionDate "2005.11.24"]
[SourceQuality "1"]

1. e4 c5 2. Nf3 d6 3. b3 Nc6 4. Bb5 Bd7 5. 0-0 Nf6 6. Re1 e5 7. c3 Qc7 8. d4 a6 9. Bxc6 Bxc6 10. d5 Bd7 11. c4 g6 12. Nc3 Bg7 13. Qd3 0-0 14. Rb1 h6 15. Nd2 Nh5 16. g3 Qa5 17. a3 Qc7 18. b4 b6 19. bxc5 bxc5 20. Nb3 f5 21. f3 Nf6 22. Re2 fxe4 23. Nxe4 Nxe4 24. fxe4 Bg4 25. Reb2 Rab8 26. Be3 Bh3 27. Nd2 Kh7 28. Rxb8 Rxb8 29. Rxb8 Qxb8 30. Qb3 Qxb3 31. Nxb3 Bf8 32. Bd2 Bd7 33. Na5 Kg7 34. Kf2 Kf7 35. Ke2 g5 36. Nb3 Be7 37. Be3 h5 38. Nd2 g4 39. Kd3 Ba4 40. Nf1 Kg6 41. Bd2 Bd7 42. Ba5 Kf7 43. Ne3 Bf8 44. Bc7 Ke7 45. Ba5 Bg7 46. Bc7 Bf6 47. Ba5 Kf7 48. Bc7 Be7 49. Ba5 h4 50. Be1 h3 51. Ba5 Bf6 52. Bc3 Bd8 53. Be1 a5 54. Bc3 a4 55. Be1 Bc8 56. Bc3 Bg5 57. Ba5 Ke7 58. Bd2 Kf6 59. Nf1 Bd7 60. Bxg5+ Kxg5 1/2-1/2

[Event "DEN-chT 9900"]
[Site "Denmark"]
[Date "2000.03.19"]
[Round "7.6"]
[White "Jensen, Vagn"]
[Black "Rasmussen, Casper"]
[Result "1/2-1/2"]
[WhiteElo "2213"]
[BlackElo "2240"]
[PlyCount "85"]
[EventDate "1999.11.07"]
[EventType "team-tourn"]
[EventRounds "7"]
[EventCountry "DEN"]
[SourceTitle "EXT 2023"]
[Source "ChessBase"]
[SourceDate "2022.10.05"]
[SourceVersion "1"]
[SourceVersionDate "2022.10.05"]
[SourceQuality "1"]
[WhiteTeam "Sydostfyn"]
[BlackTeam "Skolerne"]
[WhiteTeamCountry "DEN"]
[BlackTeamCountry "DEN"]

1. e4 c5 2. Nf3 e6 3. d4 cxd4 4. Nxd4 a6 5. Nc3 Qc7 6. g3 Bb4 7. Nde2 Nf6 8. Bg2 Nc6 9. 0-0 0-0 10. Bf4 e5 11. Bg5 Be7 12. Qd2 h6 13. Bxf6 Bxf6 14. Nd5 Qd8 15. Rad1 b5 16. Nec3 Be7 17. Nxe7+ Qxe7 18. Nd5 Qc5 19. c3 Rd8 20. b4 Qa7 21. a4 bxa4 22. Ra1 d6 23. Rxa4 Ne7 24. Rfa1 Nxd5 25. Qxd5 Bb7 26. Qd3 Qb6 27. Ra5 Qc6 28. Rd1 Rac8 29. h3 f6 30. Ra3 f5 31. Re1 Rf8 32. h4 Rc7 33. f3 Qb6+ 34. Qe3 Qxe3+ 35. Rxe3 f4 36. gxf4 Rxf4 37. Rd3 Rd7 38. Ra5 Rxh4 39. Rxe5 Rf4 40. Bh3 Rd8 41. Re7 Bc8 42. Bg2 Rf7 43. Re5 1/2-1/2

[Event "DEN-chT 9900"]
[Site "Denmark"]
[Date "2000.02.06"]
[Round "5.6"]
[White "Jensen, Vagn"]
[Black "Bekker Jensen, David"]
[Result "1-0"]
[WhiteElo "2213"]
[BlackElo "2264"]
[PlyCount "77"]
[EventDate "1999.11.07"]
[EventType "team-tourn"]
[EventRounds "7"]
[EventCountry "DEN"]
[SourceTitle "EXT 2023"]
[Source "ChessBase"]
[SourceDate "2022.10.05"]
[SourceVersion "1"]
[SourceVersionDate "2022.10.05"]
[SourceQuality "1"]
[WhiteTeam "Sydostfyn"]
[BlackTeam "Helsinge"]
[WhiteTeamCountry "DEN"]
[BlackTeamCountry "DEN"]

1. e4 c5 2. Nf3 d6 3. b3 e5 4. c3 Nf6 5. Bb5+ Nbd7 6. 0-0 Nxe4 7. d4 Be7 8. dxe5 dxe5 9. Nxe5 Nd6 10. Qd5 0-0 11. Bxd7 Bxd7 12. Qxc5 Bb5 13. Re1 Re8 14. Ba3 Nc4 15. Qxb5 Bxa3 16. Nxa3 Nxa3 17. Qxb7 Re7 18. Qf3 Nc2 19. Red1 Nxa1 20. Nc6 Qxd1+ 21. Qxd1 Rc7 22. Qd6 Re8 23. g3 Rb7 24. Qd1 Rc7 25. Qd6 Rb7 26. Nd4 g6 27. Kg2 Rbe7 28. c4 Re1 29. c5 Rd1 30. Qf4 Rd8 31. Nb5 Nc2 32. Nd6 Rd7 33. Qg4 Rc7 34. Qxd1 Rxc5 35. Qe2 Rc7 36. Qe8+ Kg7 37. Qe5+ Kg8 38. Ne8 Rc8 39. Qg7# 1-0

[Event "DEN-chT 9900"]
[Site "Denmark"]
[Date "2000.01.16"]
[Round "4.5"]
[White "Jensen, Vagn"]
[Black "Petersen, Steen Brustrup"]
[Result "1-0"]
[WhiteElo "2213"]
[BlackElo "2166"]
[PlyCount "69"]
[EventDate "1999.11.07"]
[EventType "team-tourn"]
[EventRounds "7"]
[EventCountry "DEN"]
[SourceTitle "EXT 2023"]
[Source "ChessBase"]
[SourceDate "2022.10.05"]
[SourceVersion "1"]
[SourceVersionDate "2022.10.05"]
[SourceQuality "1"]
[WhiteTeam "Sydostfyn"]
[BlackTeam "Bronshoj"]
[WhiteTeamCountry "DEN"]
[BlackTeamCountry "DEN"]

1. e4 c5 2. Nf3 d6 3. b3 Nc6 4. Bb5 Bd7 5. 0-0 Nf6 6. Bxc6 Bxc6 7. e5 dxe5 8. Nxe5 Qd4 9. Nxc6 bxc6 10. Nc3 e6 11. Bb2 Bd6 12. Qf3 Rc8 13. Rfe1 0-0 14. d3 Be7 15. h3 Rfd8 16. Rab1 Qh4 17. Re2 Qh5 18. Qxh5 Nxh5 19. Ne4 Nf4 20. Re3 Nd5 21. Rg3 f6 22. Re1 Kf7 23. Rf3 f5 24. a3 g6 25. Nd2 Bf6 26. Bxf6 Kxf6 27. Ne4+ Kf7 28. Nxc5 Re8 29. Nb7 Ke7 30. c4 Nc7 31. d4 Rb8 32. Na5 Kd6 33. b4 Re7 34. Re5 Rd8 35. Nb7+ 1-0

[Event "Nordre Efteraar"]
[Site "Aarhus"]
[Date "1998.10.18"]
[Round "9"]
[White "Jensen, Vagn"]
[Black "Hoiberg, Nina"]
[Result "1/2-1/2"]
[WhiteElo "2270"]
[BlackElo "2290"]
[PlyCount "79"]
[EventDate "1998.10.??"]
[EventType "schev"]
[EventRounds "9"]
[EventCountry "DEN"]
[SourceTitle "EXT 2000"]
[Source "ChessBase"]
[SourceDate "1999.11.16"]
[SourceVersion "1"]
[SourceVersionDate "1999.11.16"]
[SourceQuality "1"]

1. e4 e5 2. Nf3 Nc6 3. d4 exd4 4. Bc4 Nf6 5. 0-0 Nxe4 6. Re1 d5 7. Bxd5 Qxd5 8. Nc3 Qd8 9. Rxe4+ Be6 10. Nxd4 Nxd4 11. Rxd4 Qc8 12. Bg5 Be7 13. Bxe7 Kxe7 14. Qh5 h6 15. Rad1 c5 16. Nd5+ Kf8 17. Rf4 Qc6 18. c4 Rd8 19. h3 Rd7 20. Qe5 Kg8 21. Rd3 Bxd5 22. Rxd5 Rxd5 23. cxd5 Qd7 24. d6 Kh7 25. Qxc5 Rd8 26. Qxa7 Qxd6 27. Qe3 Rd7 28. g3 g6 29. Re4 Qf6 30. Re5 Rd1+ 31. Kh2 Qc6 32. Re4 Qd5 33. Qf3 Rd2 34. Rf4 Qxf3 35. Rxf3 Rxb2 36. Rxf7+ Kg8 37. Rf6 Kg7 38. Rd6 Rxf2+ 39. Kg1 Rxa2 40. Rd7+ 1/2-1/2

[Event "Nordre Efteraar"]
[Site "Aarhus"]
[Date "1998.10.17"]
[Round "8"]
[White "Johansen, Morten"]
[Black "Jensen, Vagn"]
[Result "1-0"]
[WhiteElo "2285"]
[BlackElo "2270"]
[PlyCount "57"]
[EventDate "1998.10.??"]
[EventType "schev"]
[EventRounds "9"]
[EventCountry "DEN"]
[SourceTitle "EXT 2000"]
[Source "ChessBase"]
[SourceDate "1999.11.16"]
[SourceVersion "1"]
[SourceVersionDate "1999.11.16"]
[SourceQuality "1"]

1. d4 d5 2. c4 e6 3. Nf3 c6 4. Nc3 dxc4 5. a4 Bb4 6. e4 b5 7. Bg5 Ne7 8. Be2 Bb7 9. 0-0 Bxc3 10. bxc3 a6 11. Qb1 Qc7 12. Nd2 f6 13. Bh5+ Ng6 14. Be3 0-0 15. Bg4 Qf7 16. f4 f5 17. Bh3 Qc7 18. exf5 exf5 19. Bxf5 Nd7 20. Be6+ Kh8 21. f5 Ne7 22. Bf4 Qd8 23. Nxc4 c5 24. Nd6 Bd5 25. axb5 cxd4 26. c4 Bxe6 27. fxe6 Nf6 28. Nf7+ Rxf7 29. exf7 1-0

[Event "Nordre Efteraar"]
[Site "Aarhus"]
[Date "1998.10.10"]
[Round "1"]
[White "Christensen, Jan"]
[Black "Jensen, Vagn"]
[Result "1-0"]
[WhiteElo "2225"]
[BlackElo "2270"]
[PlyCount "33"]
[EventDate "1998.10.??"]
[EventType "schev"]
[EventRounds "9"]
[EventCountry "DEN"]
[SourceTitle "EXT 2000"]
[Source "ChessBase"]
[SourceDate "1999.11.16"]
[SourceVersion "1"]
[SourceVersionDate "1999.11.16"]
[SourceQuality "1"]

1. d4 g6 2. e4 Bg7 3. Nc3 d6 4. Be3 c6 5. Qd2 b5 6. Bd3 a6 7. a4 Bb7 8. Nf3 Nd7 9. 0-0 Qb8 10. Rfe1 Ngf6 11. e5 dxe5 12. dxe5 Nxe5 13. Nxe5 Qxe5 14. axb5 cxb5 15. Bf4 Qh5 16. Bxb5+ Kf8 17. Rxe7 1-0

[Event "Aarhus Masters op"]
[Site "Aarhus"]
[Date "1998.??.??"]
[Round "3"]
[White "Jensen, Vagn"]
[Black "Fries Nielsen, Jens Ove"]
[Result "1/2-1/2"]
[WhiteElo "2240"]
[BlackElo "2395"]
[PlyCount "40"]
[EventDate "1998.??.??"]
[EventType "swiss"]
[EventRounds "7"]
[EventCountry "DEN"]
[SourceTitle "EXT 1999"]
[Source "ChessBase"]
[SourceDate "1998.11.16"]
[SourceVersion "1"]
[SourceVersionDate "1998.11.16"]
[SourceQuality "1"]

1. e4 c5 2. Nf3 e6 3. d4 cxd4 4. Nxd4 a6 5. Bd3 Qc7 6. 0-0 Nf6 7. Nc3 h5 8. Kh1 Bc5 9. Nb3 Ba7 10. f4 h4 11. Qf3 b5 12. Be3 Bb7 13. Bxa7 Rxa7 14. Qe3 h3 15. gxh3 Ba8 16. Kg1 b4 17. Ne2 Nc6 18. Nbd4 Qb6 19. Rf3 Nxd4 20. Nxd4 d6 1/2-1/2